000 00414nam a22001697a 4500
005 20251108170723.0
008 250721s1962 xx 000 0 eng d
082 1 4 _a915.64/S
100 1 _aSheen, Fulton J
245 1 0 _aThis is the holy land /
264 1 _aNew York :
_bImage books,
_c1962.
300 _a160p , illus
650 1 7 _aPalestine
650 1 7 _aDesc & travel
942 _2ddc
_cBK
999 _c47400
_d47400